State-of-the-system (SOS) report: The VAC systems in the Mekong Delta, Vietnam = Báo cáo hiện trạng : Hệ thống VAC ở Đồng bằng sông Cửu Long, Việt Nam 12/2004

Báo cáo trình bày hiện trạng và ảnh hưởng của điều kiện kinh tế - xã hội của nông hộ đến canh tác VAC.

Đã lưu trong:
書目詳細資料
格式: 圖書
語言:Undetermined
出版: Can Tho (Vietnam) Can Tho University. Mekong Delta Development Research Institude 2004
主題:
標簽: 添加標簽
沒有標簽, 成為第一個標記此記錄!
Thư viện lưu trữ: Trung tâm Học liệu Trường Đại học Cần Thơ
LEADER 00971nam a2200205Ia 4500
001 CTU_129780
008 210402s9999 xx 000 0 und d
082 |a 338.16 
082 |b S797 
245 0 |a State-of-the-system (SOS) report: The VAC systems in the Mekong Delta, Vietnam = 
245 0 |b Báo cáo hiện trạng : Hệ thống VAC ở Đồng bằng sông Cửu Long, Việt Nam 12/2004 
245 0 |c Can Tho University. Mekong Delta Development Research Institude 
260 |a Can Tho (Vietnam) 
260 |b Can Tho University. Mekong Delta Development Research Institude 
260 |c 2004 
520 |a Báo cáo trình bày hiện trạng và ảnh hưởng của điều kiện kinh tế - xã hội của nông hộ đến canh tác VAC. 
650 |a Agriculture,Cropping systems,Farm management 
650 |x Economic aspects 
904 |i Giang 
980 |a Trung tâm Học liệu Trường Đại học Cần Thơ